Images That Rhyme with 'NEAT' Quiz Stats

 Plays Quiz Updated Nov 8, 2017

Score 0/24 Timer 03:00
0 Plays Today
% Correct
feet
99.7%
meat
98.6%
seat
97.6%
wheat
96.2%
beet
96%
treat/sweet
95.4%
street
95.3%
beat
95.2%
Tweet
95.1%
heat
92.3%
fleet
91.2%
eat
87.9%
% Correct
cleat
85.2%
sheet
80.1%
meet
78.8%
pleat
73.9%
greet
73.7%
cheat
65.9%
teat
61.4%
Pete (Rose)
59.8%
sleet
44%
skeet
34.8%
Crete
30.7%
peat
30.6%

You're not logged in!

Compare scores with friends on all Sporcle quizzes.
OR
Log In

Sporcle TV

Today on Sporcle TV


Watch our educational content, quiz creation guides, and fun videos on Sporcle TV.

Show Comments

Extras

Top Quizzes Today


Score Distribution

Your Account Isn't Verified!

In order to create a playlist on Sporcle, you need to verify the email address you used during registration. Go to your Sporcle Settings to finish the process.

Report this User

Report this user for behavior that violates our Community Guidelines.

Details: